Electronics Circuits and Applications (Record no. 417604)
[ view plain ]
| 000 -LEADER | |
|---|---|
| fixed length control field | 00390 a2200157 4500 |
| 003 - CONTROL NUMBER IDENTIFIER | |
| control field | NUST |
| 005 - DATE AND TIME OF LATEST TRANSACTION | |
| control field | 20191202164221.0 |
| 008 - FIXED-LENGTH DATA ELEMENTS--GENERAL INFORMATION | |
| fixed length control field | 191202b ||||| |||| 00| 0 eng d |
| 038 ## - RECORD CONTENT LICENSOR | |
| Staff Name | MSOHAIL |
| 082 ## - DEWEY DECIMAL CLASSIFICATION NUMBER | |
| Classification number | 0 |
| 100 ## - MAIN ENTRY--PERSONAL NAME | |
| Personal name | M.H.Rashid |
| 9 (RLIN) | 26342 |
| 245 ## - TITLE STATEMENT | |
| Title | Electronics Circuits and Applications |
| 260 ## - PUBLICATION, DISTRIBUTION, ETC. | |
| Place of publication, distribution, etc. | New Delhi |
| Name of publisher, distributor, etc. | Cengage Learning |
| Date of publication, distribution, etc. | c2014 |
| 300 ## - PHYSICAL DESCRIPTION | |
| Extent | p;546 |
| 942 ## - ADDED ENTRY ELEMENTS (KOHA) | |
| Institution code [OBSOLETE] | NUST-CAE |
| Source of classification or shelving scheme | |
| Withdrawn status | Lost status | Source of classification or shelving scheme | Damaged status | Not for loan | Permanent Location | Current Location | Date acquired | Total Checkouts | Barcode | Date last seen | Price effective from | Koha item type |
|---|---|---|---|---|---|---|---|---|---|---|---|---|
| School of Civil and Environmental Engineering (SCEE) | School of Civil and Environmental Engineering (SCEE) | 12/02/2019 | NIT-12599 | 12/02/2019 | 12/02/2019 |
